00561cam a22001812 4500001001100000005001700011008004100028040001500069110003600084245008300120250001300203260003700216300001100253490003700264650003400301651004100335852000300376000001354520151217155856.0090916s xx 000 0 eng d aKABUcKABU2 aKenya, Republic of.@000015005110aSessional paper no. 5 of 1978 on Educational objectives and policies /cKenya. a1st ed. aNairobi :bGovt. Printer,c1978. a28 p.0 aSessional paper ;vno. 5 of 1978 0aEducationzKenya.@0000153489 0aKenyaxEducation policy.@00001709851